01578 a2200265 45000010006000000050017000060080041000230030015000640400040000790800017001192450057001360200018001932640042002113000020002535050761002730410008010341000027010427000024010697000022010937000032011157000020011477000021011677000025011888560099012134812120260407155748.0260407a1998 arg spa dAR-UNSa-BCEJYS aAR-UNSa-BCEJYSbspacAR-UNSa-BCEJYS a512xAlgebra10aÁlgebra, trigonometría y geometría analítica a968-444-280-7 1aMéxico :bPearson Educaciónc1998 a1027 p.c23 cm. a1. Números reales, álgebra y solución de problemas - 2. Ecuaciones y desigualdades - 3. Relaciones, funciones y gráficas - 4. Sistemas de ecuaciones y resolución de problemas - 5. Polinomios y ecuaciones polinómicas - 6. Expresiones racionales y ecuaciones - 7. Potencias, raíces y números complejos - 8. Ecuaciones cuadráticas - 9. Funciones cuadráticas y transformaciones - 10. Ecuaciones de segundo grado - 11. Funciones polinómicas - 12. Funciones exponenciales y funciones logarítmicas - 13. Matrices y determinantes - 14. Sucesiones, series e introducción matemática - 15. Conteo y probabilidad - 16. Estadística y análisis de datos - 17. Funciones trigonométricas - 18. Identidades y ecuaciones trigonométricas.  aspa1 aTorres Alcaraz, Carlos1 aCharles, Randall I.1 aSmith, Stanley A.1 aGonzález de Nin, Ángela1 aDossey, John A.1 aKeedy, Mervin L.1 aBittinger, Marvin L.41uhttps://www.biblioeco.unsa.edu.ar/pmb/images/libros/L127873.jpgyImagen de portadaqimage/jpeg